Les 10 rappeurs français les plus streamés en 2025 - Statistiques

Statistiques générales
  • Ce quiz a été pris 153 fois
  • Le résultat moyen est 7 sur 10
Statistiques - réponses
Nombre Rappeur % Correct
1,2 milliard Jul
96%
723 millions Ninho
91%
994 millions Gims
84%
317 millions Booba
74%
314 millions PLK
65%
566 millions Werenoi
65%
442 millions Damso
62%
384 millions Gazo
54%
384 millions Tiakola
54%
479 millions SDM
53%
Aucun quiz correspondant
Distribution des résultats
% des personnes avec chaque résultat
Percentile par nombre de réponses
Votre historique - résultats
Vous n’avez pas pris ce quiz